[Event "MCRE_SF05"]
[Site "?"]
[Date "2005.??.??"]
[Round "?"]
[White "Majstr, Jiri"]
[Black "Kotrc, Michal"]
[Result "0-1"]
[WhiteElo "2010"]
[BlackElo "2131"]
[PlyCount "98"]
[EventDate "2005.??.??"]
[EventType "corr"]
[EventRounds "2"]
[SourceDate "2007.01.10"]

1. d4 Nf6 2. c4 e6 3. Nf3 b6 4. g3 Bb7 5. Bg2 Be7 6. O-O O-O 7. Nc3 Ne4 8. Qc2
Nxc3 9. Qxc3 c5 10. Rd1 d6 11. b3 Bf6 12. Qd3 Nc6 13. a3 Nxd4 14. Nxd4 Bxg2 15.
Kxg2 Bxd4 16. Ra2 Qe7 17. Bf4 Rfd8 18. Qf3 Rab8 19. e3 Bf6 20. g4 b5 21. Rad2
bxc4 22. bxc4 Rb6 23. Qg3 e5 24. g5 exf4 25. gxf6 Qxf6 26. Qxf4 Qxf4 27. exf4
Kf8 28. Rd5 Ke7 29. R1d3 Rb2 30. Re3+ Kd7 31. Rg5 g6 32. Rh3 Rh8 33. f5 Kc6 34.
fxg6 fxg6 35. Rxg6 Rf8 36. Rxh7 Rfxf2+ 37. Kh1 Rbc2 38. Rh4 Ra2 39. Rg1 Rxa3
40. Rd1 Raa2 41. Rh6 Rfd2 42. Rxd2 Rxd2 43. Rh3 Rc2 44. Ra3 Rxc4 45. Rxa7 d5
46. Kg2 d4 47. Ra8 d3 48. Kf3 Rh4 49. Ke3 c4 0-1

[Event "MCRE_SF05"]
[Site "?"]
[Date "2005.??.??"]
[Round "?"]
[White "Bultman, Milan"]
[Black "Splichal, Josef"]
[Result "0-1"]
[WhiteElo "2141"]
[BlackElo "2261"]
[PlyCount "124"]
[EventDate "2005.??.??"]
[EventType "corr"]
[EventRounds "2"]
[SourceDate "2007.01.10"]

1. e4 e5 2. Nf3 Nc6 3. Bb5 Nf6 4. O-O Nxe4 5. Re1 Nd6 6. Bxc6 dxc6 7. Nxe5 Be7
8. d3 O-O 9. Nc3 f6 10. Ng4 Nf5 11. Ne3 Re8 12. Nxf5 Bxf5 13. Bf4 Bd6 14. Qf3
Qd7 15. a3 b6 16. h3 Bg6 17. Ne4 Bxf4 18. Qxf4 a5 19. Re3 Bxe4 20. dxe4 Re5 21.
Qf3 Rae8 22. Qe2 c5 23. b3 Qe7 24. Re1 Re6 25. Qc4 Kh8 26. f4 Qd6 27. Rd3 Qe7
28. Qb5 Rd8 29. e5 fxe5 30. Rxe5 Rxe5 31. fxe5 Re8 32. Re3 Qe6 33. Qd3 Kg8 34.
Qe4 c6 35. Qd3 Qd5 36. Qe2 Qd4 37. Kh2 Re6 38. Re4 Qd8 39. Qg4 Qe8 40. Qg3 Qc8
41. Re3 Re8 42. Rf3 Qd7 43. Rf6 Rxe5 44. Qxe5 gxf6 45. Qxf6 Qd5 46. Qf3 Kg7 47.
Qxd5 cxd5 48. Kg3 Kf6 49. Kf4 b5 50. h4 b4 51. axb4 axb4 52. g3 c4 53. g4 c3
54. Kf3 Ke5 55. Ke3 h6 56. g5 hxg5 57. hxg5 Kf5 58. Kd4 Kxg5 59. Kxd5 Kf4 60.
Kc4 Ke3 61. Kxb4 Kd2 62. Ka5 Kxc2 0-1

[Event "MCRE_SF05"]
[Site "?"]
[Date "2005.??.??"]
[Round "?"]
[White "Kotrc, Michal"]
[Black "Bultman, Milan"]
[Result "1-0"]
[WhiteElo "2131"]
[BlackElo "2141"]
[PlyCount "101"]
[EventDate "2005.??.??"]
[EventType "corr"]
[EventRounds "2"]
[SourceDate "2007.01.10"]

1. e4 c5 2. Nf3 d6 3. d4 cxd4 4. Nxd4 Nf6 5. Nc3 a6 6. Bg5 e6 7. f4 Be7 8. Qf3
Qc7 9. O-O-O Nbd7 10. g4 b5 11. Bxf6 Nxf6 12. g5 Nd7 13. f5 Bxg5+ 14. Kb1 Ne5
15. Qh5 Qe7 16. fxe6 g6 17. exf7+ Kxf7 18. Qe2 Bg4 19. Qf2+ Qf6 20. Qxf6+ Bxf6
21. Be2 Bxe2 22. Ndxe2 Nc4 23. Nd4 Rae8 24. Rhe1 Nb6 25. a3 Rhf8 26. Na2 Kg8
27. Nb4 a5 28. Nbc6 Nc4 29. Nxb5 Nxb2 30. Rxd6 Nc4 31. Rd5 Re6 32. Ncd4 Bxd4
33. Nxd4 Rb6+ 34. Ka2 Rfb8 35. Ka1 Nxa3 36. Rxa5 Nc4 37. Ra7 Rd8 38. c3 Re8 39.
Re2 Ne5 40. Rb2 Rxb2 41. Kxb2 Ng4 42. c4 Rxe4 43. Kc3 Re5 44. Nc6 Rh5 45. h3
Rxh3+ 46. Kd4 Rh1 47. c5 Rd1+ 48. Kc3 Nf6 49. Ne7+ Kf8 50. c6 Ne8 51. Kc2 1-0

[Event "MCRE_SF05"]
[Site "?"]
[Date "2005.??.??"]
[Round "?"]
[White "Bultman, Milan"]
[Black "Kotrc, Michal"]
[Result "0-1"]
[WhiteElo "2141"]
[BlackElo "2131"]
[PlyCount "114"]
[EventDate "2005.??.??"]
[EventType "corr"]
[EventRounds "2"]
[SourceDate "2007.01.10"]

1. e4 c6 2. d4 d5 3. e5 Bf5 4. Nf3 e6 5. c3 Qb6 6. Nbd2 c5 7. Qa4+ Nc6 8. Be2
f6 9. Nb3 c4 10. Nbd2 a6 11. Nh4 fxe5 12. Nxf5 exf5 13. dxe5 Bc5 14. O-O Qc7
15. b4 b5 16. Qc2 Ba7 17. Qxf5 Nge7 18. Qh5+ g6 19. Qg5 h6 20. Qg3 Qxe5 21.
Qxe5 Nxe5 22. a4 Kf7 23. Nf3 N5c6 24. Rd1 g5 25. Ne1 d4 26. Bh5+ Ke6 27. Bd2
Nd5 28. axb5 axb5 29. Bg4+ Kd6 30. Nc2 d3 31. Na3 Nc7 32. Bh5 Bb6 33. Rf1 Ra7
34. Bf3 Rha8 35. Bc1 Re8 36. h3 Ne5 37. Be4 Nd7 38. Bf3 Nf6 39. Bb2 Ne4 40.
Rae1 Rxa3 41. Bxa3 Nxc3 42. Rxe8 Nxe8 43. Bb2 Bd4 44. Re1 Nf6 45. Kf1 Ne2 46.
Bxe2 Bxb2 47. Rd1 Kd5 48. Bxd3 cxd3 49. Rxd3+ Bd4 50. Ra3 Kc4 51. Ra6 h5 52.
Rc6+ Kxb4 53. Ke2 Nd5 54. g3 Kb3 55. f4 gxf4 56. g4 hxg4 57. hxg4 b4 0-1

[Event "MCRE_SF05"]
[Site "?"]
[Date "2005.??.??"]
[Round "?"]
[White "Kotrc, Michal"]
[Black "Bares, Jiri"]
[Result "1/2-1/2"]
[WhiteElo "2131"]
[BlackElo "2174"]
[PlyCount "109"]
[EventDate "2005.??.??"]
[EventType "corr"]
[EventRounds "2"]
[SourceDate "2007.01.10"]

1. e4 c5 2. Nf3 d6 3. d4 cxd4 4. Nxd4 Nf6 5. Nc3 a6 6. Bg5 e6 7. f4 Qb6 8. Qd2
Qxb2 9. Rb1 Qa3 10. Bxf6 gxf6 11. Be2 Nc6 12. Nxc6 bxc6 13. O-O Be7 14. Kh1 Qa5
15. Qe3 h5 16. Rb3 Kf8 17. Rfb1 d5 18. f5 Bd6 19. Bd3 Kg7 20. exd5 cxd5 21.
fxe6 Bxe6 22. Ne2 d4 23. Nxd4 Bxb3 24. Nf5+ Kf8 25. axb3 Re8 26. Qf2 Bc7 27.
Rf1 Rg8 28. Nh4 Re6 29. Bc4 Rc6 30. Qf3 Qe5 31. g3 Rd6 32. Nf5 Rd2 33. Qxh5
Qe4+ 34. Rf3 Rg6 35. Qh8+ Rg8 36. Qh6+ Ke8 37. Qe3 Qxe3 38. Rxe3+ Be5 39. Bd3
Kd7 40. Re2 Rxe2 41. Bxe2 Ke6 42. g4 a5 43. Kg2 Bc3 44. h4 Ke5 45. Kf3 Ra8 46.
Bb5 Bd2 47. h5 Rc8 48. Bd3 Bc1 49. Ne3 Kd4 50. Ng2 Bg5 51. Nf4 Rc7 52. Ne2+ Ke5
53. Ng3 Rc8 54. Ne4 Bc1 55. Nf2 1/2-1/2

[Event "MCRE_SF05"]
[Site "?"]
[Date "2005.??.??"]
[Round "?"]
[White "Bares, Jiri"]
[Black "Bultman, Milan"]
[Result "0-1"]
[WhiteElo "2174"]
[BlackElo "2141"]
[PlyCount "126"]
[EventDate "2005.??.??"]
[EventType "corr"]
[EventRounds "2"]
[SourceDate "2007.01.10"]

1. d4 Nf6 2. c4 g6 3. Nc3 Bg7 4. e4 d6 5. Nf3 c5 6. Be2 cxd4 7. Nxd4 Nc6 8. Be3
O-O 9. O-O Bd7 10. f4 Re8 11. Rc1 Rc8 12. Nxc6 Bxc6 13. Qd3 Qa5 14. Bd4 Rcd8
15. Nd5 Nxd5 16. exd5 Bxd4+ 17. Qxd4 Bd7 18. Rc3 Qc5 19. Qxc5 dxc5 20. Re3 e6
21. d6 Bc6 22. Rd1 Rd7 23. Kf2 Red8 24. Red3 f5 25. a3 Kf7 26. Bf3 a5 27. Bxc6
bxc6 28. Kf3 h6 29. g4 g5 30. b3 Kf6 31. gxf5 exf5 32. Kf2 Re8 33. Rh3 Kg6 34.
a4 g4 35. Re3 Rxe3 36. Kxe3 h5 37. h4 gxh3 38. Kf3 h4 39. Kf2 Kh5 40. Kg1 Kg4
41. Kh2 Kxf4 42. Kxh3 Ke3 43. Re1+ Kf2 44. Re6 f4 45. Rf6 f3 46. Kh2 Ke2 47.
Re6+ Kd3 48. Rf6 Kc2 49. Rxf3 Rxd6 50. Kg2 Rd3 51. Rf5 Kxb3 52. Rxc5 Kb4 53.
Rxc6 Rc3 54. c5 Rxc5 55. Rh6 Rc4 56. Kf2 Kxa4 57. Rh5 Kb4 58. Rh8 a4 59. Rb8+
Kc3 60. Ra8 Kb3 61. Rb8+ Rb4 62. Ra8 a3 63. Re8 a2 0-1